000 00242nam a2200097Ia 4500
001 682870
005 20250826161427.0
008 250824s9999 xx 000 0 und d
245 0 _aHÜZÜN VE TESADÜF
_cMUSTAFA KUTLU
260 _bDERGAH YAYINLARI
999 _c682870
_d682870